Skull- R Temporal Lateral - Statistics

General Stats
  • This quiz has been taken 32 times
  • The average score is 2 of 9
Answer Stats
Hint Answer % Correct
6 Mastoid Process
60%
5 Styloid Process
60%
3 External Auditory Meatus
40%
1 Zygomatic Process
40%
2 Squamous
20%
7 Petromastoid
0%
9 Squamous Suture
0%
8 Suprameatal Crest
0%
4 Tympanic
0%
No matching quizzes found
Score Distribution
Percent of People with Each Score
Percentile by Number Answered
Your Score History
You have not taken this quiz